[Event "Halden CC-ch"]
[Site "Halden"]
[Date "2012.01.24"]
[Round "5"]
[White "Rosseland, Jon Birger"]
[Black "Oberg, Lasse"]
[Result "1-0"]
[WhiteElo "1168"]
[BlackElo "1004"]
[PlyCount "84"]
[EventDate "2012.01.24"]
[EventType "swiss"]
[EventRounds "9"]
[EventCountry "NOR"]
[SourceTitle "EXT 2024"]
[Source "ChessBase"]
[SourceDate "2023.10.10"]
[SourceVersion "1"]
[SourceVersionDate "2023.10.10"]
[SourceQuality "1"]

1. c4 Nc6 2. Nf3 e6 3. e4 b6 4. d4 Nge7 5. d5 exd5 6. exd5 Nb8 7. Bg5 f6 8. Bh4 Nf5 9. a3 g5 10. Bg3 Nxg3 11. hxg3 d6 12. Be2 g4 13. Nh4 f5 14. Qc2 Qf6 15. Nc3 Bg7 16. 0-0-0 Bh6+ 17. Kb1 Bg5 18. Rde1 0-0 19. Nb5 a6 20. Nxc7 Ra7 21. Ne6 Bxe6 22. dxe6 Bxh4 23. Rxh4 Re7 24. Bd3 Nc6 25. Qd2 Kg7 26. Qf4 Ne5 27. Reh1 Kh8 28. Rh6 Ng6 29. Qxf5 Qxf5 30. Bxf5 Rxf5 31. Rxg6 h5 32. Rh6+ Kg7 33. R6xh5 Rxh5 34. Rxh5 Rxe6 35. Rg5+ Kh6 36. Rxg4 Re2 37. f3 Rxg2 38. b4 Rf2 39. f4 Kh5 40. Rg5+ Kh6 41. Rd5 Rf3 42. Rxd6+ Kh5 1-0

[Event "Halden Autumn"]
[Site "Halden"]
[Date "2011.??.??"]
[Round "6"]
[White "Oberg, Lasse"]
[Black "Skaug, Thorbjorn"]
[Result "1/2-1/2"]
[WhiteElo "998"]
[BlackElo "1115"]
[PlyCount "60"]
[EventDate "2011.08.30"]
[EventType "swiss"]
[EventRounds "9"]
[EventCountry "NOR"]
[SourceTitle "EXT 2024"]
[Source "ChessBase"]
[SourceDate "2023.10.10"]
[SourceVersion "1"]
[SourceVersionDate "2023.10.10"]
[SourceQuality "1"]

1. c4 g6 2. Nc3 Bg7 3. Qc2 c5 4. Nf3 Nf6 5. e4 d6 6. d3 Nc6 7. Be3 0-0 8. h3 b6 9. Qd2 e5 10. g4 Nd4 11. Bg2 Bb7 12. g5 Nh5 13. Nh4 Ne6 14. Nf3 Nhf4 15. Bf1 Qd7 16. Nd5 Nxd5 17. cxd5 Nd4 18. Be2 Nxf3+ 19. Bxf3 Qb5 20. h4 Qb4 21. Qxb4 cxb4 22. h5 Rac8 23. Bd1 Ba6 24. Kd2 Rc7 25. a3 bxa3 26. Rxa3 Bb5 27. Be2 Rfc8 28. Rb3 Ba4 29. Rc3 Rxc3 30. bxc3 Bd7 1/2-1/2

[Event "Halden Autumn"]
[Site "Halden"]
[Date "2011.??.??"]
[Round "8"]
[White "Skaug, Thorbjorn"]
[Black "Oberg, Lasse"]
[Result "1-0"]
[WhiteElo "1115"]
[BlackElo "998"]
[PlyCount "51"]
[EventDate "2011.08.30"]
[EventType "swiss"]
[EventRounds "9"]
[EventCountry "NOR"]
[SourceTitle "EXT 2024"]
[Source "ChessBase"]
[SourceDate "2023.10.10"]
[SourceVersion "1"]
[SourceVersionDate "2023.10.10"]
[SourceQuality "1"]

1. b4 e5 2. Bb2 d6 3. c4 Nf6 4. e3 Nbd7 5. Nf3 e4 6. Nd4 c5 7. bxc5 Nxc5 8. Nc3 Nd3+ 9. Bxd3 exd3 10. Qb1 Ng4 11. Nf3 Bf5 12. Nd5 Rc8 13. h3 Ne5 14. Nxe5 dxe5 15. Bxe5 Bd6 16. Bxg7 Rg8 17. Nf6+ Ke7 18. Nxg8+ Qxg8 19. Qxb7+ Rc7 20. Qb2 Be6 21. Qf6+ Ke8 22. Rb1 Be7 23. Rb8+ Bc8 24. Qe5 Rxc4 25. Qb5+ Kd8 26. Qxc4 1-0